2001 directory of registered property receivers (Record no. 101551)

MARC details
000 -LEADER
fixed length control field 00755cam a2200217 4500
001 - CONTROL NUMBER
control field J113721
008 - FIXED-LENGTH DATA ELEMENTS--GENERAL INFORMATION
fixed length control field 010723n2001 000 0 eng u
035 ## - SYSTEM CONTROL NUMBER
System control number (Sirsi) u113721
050 ## - LIBRARY OF CONGRESS CALL NUMBER
Classification number 346.41078
245 ## - TITLE STATEMENT
Title 2001 directory of registered property receivers
260 ## - PUBLICATION, DISTRIBUTION, ETC.
Place of publication, distribution, etc. London
Name of publisher, distributor, etc. Jardine Lloyd Thompson?
Date of publication, distribution, etc. 2001
300 ## - PHYSICAL DESCRIPTION
Extent 176p. ; 21cm.
520 ## - SUMMARY, ETC.
Summary, etc. Published on behalf of RICS, Insolvency Practioners Association and Associaiton of Chartered Certified Accountants. For more information please contact Liz Weaver at the RICS on 020 7695 1597 or email [email protected]
650 ## - SUBJECT ADDED ENTRY--TOPICAL TERM
Topical term or geographic name entry element INSOVENCY
650 ## - SUBJECT ADDED ENTRY--TOPICAL TERM
Topical term or geographic name entry element RECEIVERSHIP
650 ## - SUBJECT ADDED ENTRY--TOPICAL TERM
Topical term or geographic name entry element DIRECTORIES
650 ## - SUBJECT ADDED ENTRY--TOPICAL TERM
Topical term or geographic name entry element PROPERTY LAW
650 ## - SUBJECT ADDED ENTRY--TOPICAL TERM
Topical term or geographic name entry element RECEIVERS
690 ## - LOCAL SUBJECT ADDED ENTRY--TOPICAL TERM (OCLC, RLIN)
Topical term or geographic name as entry element PROPERTY
942 ## - ADDED ENTRY ELEMENTS (KOHA)
Suppress in OPAC 0
Holdings
Withdrawn status Lost status Source of classification or shelving scheme Damaged status Not for loan Home library Current library Shelving location Date acquired Total Checkouts Full call number Barcode Date last seen Copy number Price effective from Koha item type
    Dewey Decimal Classification     London London RICS Boxes 23/07/2001   RICS 2001/29 30064694 06/08/2019 1 06/08/2019 Archive
    Dewey Decimal Classification     London London RICS Boxes 05/09/2002   RICS 2001/29 30066458 06/08/2019 2 06/08/2019 Book
    Dewey Decimal Classification     London London RICS Boxes 05/09/2002   RICS 2001/29 30066459 06/08/2019 3 06/08/2019 Book